000 00949nam a22002771i 4500
001 2638668
003 EG-ScBUE
005 20260312095057.0
008 850509t1959 nyua f 001 0 eng d
040 _aEG-ScBUE
_beng
_erda
_cEG-ScBUE
_dEG-ScBUE
082 0 4 _a552.8
_bMOO
_222
100 1 _aMoorhouse, W. W.
_q(Walter Wilson),
_d1913-1969,
_96560
_eauthor.
245 1 4 _aThe study of rocks in thin section /
_cby W. W. Moorhuse, professor of geological sciences, University of Toronto.
264 1 _aNew York :
_bHarper & Row, Publishers,
_c[1959]
264 4 _cc1959
300 _axvii, 514 pages :
_billustrations ;
_c25 cm.
336 _2rdacontent
_atext
_btxt
337 _aunmediated
_2rdamedia
_bn
338 _avolume
_bnc
_2rdacarrier
490 0 _aHarper's geoscience series
500 _aIncludes index.
650 7 _aPetrology.
_96562
_2BUEsh
650 7 _aThin sections (Geology)
_2BUEsh
655 _vReading book
942 _2ddc
_cBB
999 _c11927
_d11927